Per Room Basis-Satu Pendekatan Penilaian Hotel Yang Tepat

Bibliographic Details
Main Author: P'ng, Gaik Cheng
Format: Book
Subjects:

MARC

LEADER 00000cam a2200000 7i4500
001 0000023750
005 20111102.0
040 |a INS 
090 0 0 |a KK347 
100 1 |a P'ng, Gaik Cheng 
245 1 0 |a Per Room Basis-Satu Pendekatan Penilaian Hotel Yang Tepat   |c P'ng Gaik Cheng, Wan Zarida bt Wan Omar, Abdul Manaf Bin Bakar 
300 |a i, 18p. ;   |c 29.5cm. 
650 0 |a Hotel   |x Valuation 
700 1
700 1
999 |a KK00000777   |b BOOK   |c Project papers   |e Default branch